[Event "Team Championship (men blitz)"]
[Site "Sochi"]
[Date "2017.10.05"]
[Round "4.13"]
[White "Alekseenko, Kirill"]
[Black "Goryachkina, Aleksandra"]
[Result "1/2-1/2"]
[LiveChessVersion "1.4.8"]
[BlackElo "2401"]
[WhiteElo "2586"]

1. d4 {[%clk 0:03:03]} d5 {[%clk 0:03:02]} 2. Nc3 {[%clk 0:03:05]} Nf6
{[%clk 0:03:03]} 3. Bf4 {[%clk 0:03:06]} e6 {[%clk 0:03:01]} 4. Nb5
{[%clk 0:03:07]} Na6 {[%clk 0:03:01]} 5. e3 {[%clk 0:03:08]} c6 {[%clk 0:03:01]}
6. Nc3 {[%clk 0:03:09]} Be7 {[%clk 0:02:59]} 7. Nf3 {[%clk 0:03:09]} O-O
{[%clk 0:02:57]} 8. h3 {[%clk 0:03:10]} c5 {[%clk 0:02:55]} 9. Be2
{[%clk 0:03:10]} cxd4 {[%clk 0:02:53]} 10. exd4 {[%clk 0:03:11]} Nb4
{[%clk 0:02:53]} 11. O-O {[%clk 0:03:06]} Bd7 {[%clk 0:02:51]} 12. Ne5
{[%clk 0:03:07]} Rc8 {[%clk 0:02:51]} 13. Re1 {[%clk 0:02:48]} h6
{[%clk 0:02:48]} 14. Bf1 {[%clk 0:02:42]} a6 {[%clk 0:02:48]} 15. Rc1
{[%clk 0:02:25]} b5 {[%clk 0:02:46]} 16. Qf3 {[%clk 0:02:25]} Nc6
{[%clk 0:02:42]} 17. Nxc6 {[%clk 0:02:24]} Bxc6 {[%clk 0:02:43]} 18. Bd3
{[%clk 0:02:25]} b4 {[%clk 0:02:42]} 19. Ne2 {[%clk 0:02:21]} Ne4
{[%clk 0:02:42]} 20. Ng3 {[%clk 0:02:19]} Nxg3 {[%clk 0:02:30]} 21. Qxg3
{[%clk 0:02:16]} Bg5 {[%clk 0:02:25]} 22. Re5 {[%clk 0:01:54]} Bxf4
{[%clk 0:02:20]} 23. Qxf4 {[%clk 0:01:55]} Bb5 24. Bxb5 {[%clk 0:01:25]} axb5
{[%clk 0:02:18]} 25. Qd2 {[%clk 0:01:26]} Rc4 26. b3 {[%clk 0:01:17]} Rc3
{[%clk 0:02:17]} 27. a3 {[%clk 0:01:13]} Qc7 {[%clk 0:02:10]} 28. axb4
{[%clk 0:01:12]} Rc8 {[%clk 0:02:11]} 29. Re2 {[%clk 0:01:06]} Rxb3
{[%clk 0:02:00]} 30. Ra1 {[%clk 0:00:48]} Rc3 {[%clk 0:01:58]} 31. Ra2 Qc4
{[%clk 0:01:54]} 32. Rb2 {[%clk 0:00:50]} Ra3 {[%clk 0:01:51]} 33. g3
{[%clk 0:00:36]} Qc3 {[%clk 0:01:51]} 34. Qxc3 {[%clk 0:00:37]} Raxc3
{[%clk 0:01:49]} 35. Kf1 {[%clk 0:00:37]} R8c4 {[%clk 0:01:47]} 36. Rd2
{[%clk 0:00:36]} Ra3 {[%clk 0:01:48]} 37. Ke2 {[%clk 0:00:25]} Ra4
{[%clk 0:01:47]} 38. Kd3 {[%clk 0:00:21]} Raxb4 {[%clk 0:01:46]} 39. Rxb4
{[%clk 0:00:21]} Rxb4 {[%clk 0:01:47]} 40. Rd1 {[%clk 0:00:23]} Rc4
{[%clk 0:01:44]} 41. Ra1 {[%clk 0:00:24]} Kh7 {[%clk 0:01:41]} 42. Ra7
{[%clk 0:00:21]} Kg6 {[%clk 0:01:41]} 43. Rb7 {[%clk 0:00:22]} b4
{[%clk 0:01:41]} 44. h4 {[%clk 0:00:21]} h5 {[%clk 0:01:39]} 45. Rb6
{[%clk 0:00:22]} Kf5 {[%clk 0:01:36]} 46. Rb7 {[%clk 0:00:23]} Kf6
{[%clk 0:01:35]} 47. Rb6 {[%clk 0:00:20]} g6 {[%clk 0:01:16]} 48. Rb7
{[%clk 0:00:21]} Rc3+ {[%clk 0:01:16]} 49. Kd2 {[%clk 0:00:22]} Rc4 50. Kd3 Ke5
51. Ke4+ 1/2-1/2

[Event "Team Championship (men blitz)"]
[Site "Sochi"]
[Date "2017.10.05"]
[Round "4.14"]
[White "Potapov, Pavel"]
[Black "Alekseev, Evgeny"]
[Result "1/2-1/2"]
[LiveChessVersion "1.4.8"]
[BlackElo "2636"]
[WhiteElo "2451"]

1. e4 {[%clk 0:03:03]} e5 {[%clk 0:03:02]} 2. Nf3 {[%clk 0:03:02]} Nc6
{[%clk 0:03:03]} 3. Nc3 {[%clk 0:03:02]} Nf6 {[%clk 0:03:03]} 4. d4
{[%clk 0:03:03]} exd4 {[%clk 0:03:03]} 5. Nxd4 {[%clk 0:03:03]} Bb4
{[%clk 0:03:01]} 6. Nxc6 {[%clk 0:03:03]} bxc6 {[%clk 0:03:02]} 7. Bd3
{[%clk 0:03:02]} O-O {[%clk 0:03:00]} 8. O-O {[%clk 0:03:00]} d5 {[%clk 0:03:01]}
9. exd5 {[%clk 0:03:00]} cxd5 {[%clk 0:03:02]} 10. h3 {[%clk 0:03:00]} c6
{[%clk 0:02:54]} 11. Qf3 {[%clk 0:02:58]} Re8 {[%clk 0:02:50]} 12. Bf4
{[%clk 0:02:49]} Qe7 {[%clk 0:02:51]} 13. Ne2 {[%clk 0:02:36]} Ne4
{[%clk 0:02:41]} 14. c3 {[%clk 0:02:31]} Ba5 {[%clk 0:02:30]} 15. Ng3
{[%clk 0:01:54]} f5 {[%clk 0:02:24]} 16. Be3 {[%clk 0:01:20]} Qf7
{[%clk 0:02:13]} 17. Rad1 {[%clk 0:01:09]} Be6 {[%clk 0:02:10]} 18. Nh5
{[%clk 0:00:59]} Bc7 {[%clk 0:01:38]} 19. Nf4 {[%clk 0:00:47]} Bd7
{[%clk 0:01:34]} 20. Bc2 {[%clk 0:00:36]} g5 {[%clk 0:01:09]} 21. Nd3
{[%clk 0:00:31]} f4 {[%clk 0:00:59]} 22. Bd4 {[%clk 0:00:27]} h5 {[%clk 0:00:58]}
23. Nc5 {[%clk 0:00:20]} g4 {[%clk 0:00:45]} 24. Qd3 {[%clk 0:00:19]} Bf5
{[%clk 0:00:42]} 25. Nxe4 {[%clk 0:00:07]} Bxe4 26. Qd2 gxh3 {[%clk 0:00:32]} 27.
f3 {[%clk 0:00:10]} Bxc2 {[%clk 0:00:22]} 28. Qxc2 {[%clk 0:00:11]} Re6
{[%clk 0:00:20]} 29. gxh3 {[%clk 0:00:08]} Qg6+ {[%clk 0:00:18]} 30. Qxg6+ Rxg6+
{[%clk 0:00:19]} 31. Kh2 {[%clk 0:00:09]} Kf7 {[%clk 0:00:19]} 32. Rg1
{[%clk 0:00:09]} Re8 {[%clk 0:00:20]} 33. Rxg6 {[%clk 0:00:09]} Kxg6
{[%clk 0:00:20]} 34. Rd2 {[%clk 0:00:09]} Kf5 {[%clk 0:00:20]} 35. Kg2
{[%clk 0:00:10]} Bb6 {[%clk 0:00:20]} 36. Bxb6 {[%clk 0:00:07]} axb6
{[%clk 0:00:21]} 37. Kf2 {[%clk 0:00:07]} Rg8 {[%clk 0:00:21]} 38. Rd1
{[%clk 0:00:08]} Rg3 {[%clk 0:00:20]} 39. Rh1 {[%clk 0:00:09]} h4
{[%clk 0:00:17]} 40. b3 {[%clk 0:00:08]} c5 {[%clk 0:00:16]} 41. a4
{[%clk 0:00:08]} Ke5 {[%clk 0:00:17]} 42. b4 {[%clk 0:00:06]} Kd6
{[%clk 0:00:18]} 43. Rh2 {[%clk 0:00:03]} d4 {[%clk 0:00:16]} 44. bxc5+
{[%clk 0:00:04]} Kxc5 {[%clk 0:00:17]} 45. cxd4+ {[%clk 0:00:05]} Kxd4
{[%clk 0:00:18]} 46. Rh1 {[%clk 0:00:06]} Kc5 {[%clk 0:00:16]} 47. Rc1+
{[%clk 0:00:07]} Kb4 {[%clk 0:00:16]} 48. Rb1+ {[%clk 0:00:08]} Kxa4
{[%clk 0:00:16]} 49. Rxb6 {[%clk 0:00:09]} Rxh3 {[%clk 0:00:17]} 50. Rh6
{[%clk 0:00:07]} Kb5 {[%clk 0:00:15]} 1/2-1/2

[Event "Team Championship (men blitz)"]
[Site "Sochi"]
[Date "2017.10.05"]
[Round "4.15"]
[White "Levin, Evgeny A."]
[Black "Belyakov, Bogdan"]
[Result "1/2-1/2"]
[LiveChessVersion "1.4.8"]
[BlackElo "2477"]
[WhiteElo "2546"]

1. d4 {[%clk 0:03:03]} Nf6 {[%clk 0:03:03]} 2. Nf3 {[%clk 0:03:04]} g6
{[%clk 0:03:04]} 3. Bg5 {[%clk 0:03:05]} Bg7 {[%clk 0:03:04]} 4. Nbd2
{[%clk 0:03:06]} d6 {[%clk 0:03:02]} 5. c3 {[%clk 0:03:06]} Nbd7 {[%clk 0:02:58]}
6. e4 {[%clk 0:02:59]} h6 {[%clk 0:02:58]} 7. Bf4 {[%clk 0:02:54]} c5
{[%clk 0:02:54]} 8. h3 {[%clk 0:02:43]} cxd4 {[%clk 0:02:48]} 9. cxd4
{[%clk 0:02:44]} Qa5 {[%clk 0:02:49]} 10. Bd3 {[%clk 0:02:39]} e5
{[%clk 0:02:43]} 11. Be3 {[%clk 0:02:30]} exd4 {[%clk 0:02:42]} 12. Bxd4
{[%clk 0:02:28]} Nc5 {[%clk 0:02:39]} 13. Bc2 {[%clk 0:02:14]} Qa6
{[%clk 0:02:24]} 14. Qe2 {[%clk 0:01:38]} Qxe2+ {[%clk 0:02:23]} 15. Kxe2
{[%clk 0:01:39]} O-O {[%clk 0:02:22]} 16. Rhe1 {[%clk 0:01:31]} b6
{[%clk 0:02:18]} 17. Kf1 {[%clk 0:01:29]} Ba6+ {[%clk 0:02:19]} 18. Kg1
{[%clk 0:01:31]} Rac8 {[%clk 0:02:16]} 19. Re3 {[%clk 0:01:22]} Ne6
{[%clk 0:02:11]} 20. Bc3 {[%clk 0:01:17]} Rfe8 {[%clk 0:02:01]} 21. Rae1
{[%clk 0:01:16]} Nf4 {[%clk 0:01:52]} 22. Bb1 {[%clk 0:01:10]} Nd7
{[%clk 0:01:45]} 23. Bxg7 {[%clk 0:01:04]} Kxg7 {[%clk 0:01:45]} 24. Ra3
{[%clk 0:01:03]} Nb8 {[%clk 0:01:20]} 25. Kh2 {[%clk 0:00:52]} Rc7
{[%clk 0:01:19]} 26. g3 {[%clk 0:00:51]} Ne6 {[%clk 0:01:20]} 27. Bd3
{[%clk 0:00:46]} 1/2-1/2

[Event "Team Championship (men blitz)"]
[Site "Sochi"]
[Date "2017.10.05"]
[Round "4.16"]
[White "Savitskiy, Sergey"]
[Black "Usmanov, Vasily"]
[Result "0-1"]
[LiveChessVersion "1.4.8"]
[BlackElo "2441"]
[WhiteElo "2327"]

1. e4 {[%clk 0:03:04]} e6 {[%clk 0:03:03]} 2. d4 {[%clk 0:03:05]} d5
{[%clk 0:03:04]} 3. Nc3 {[%clk 0:03:07]} Nf6 4. e5 Nfd7 {[%clk 0:03:06]} 5. f4
{[%clk 0:03:10]} c5 6. Nf3 Nc6 {[%clk 0:03:09]} 7. Be3 {[%clk 0:03:13]} cxd4
{[%clk 0:03:10]} 8. Nxd4 {[%clk 0:03:15]} Bc5 {[%clk 0:03:11]} 9. Qd2
{[%clk 0:03:10]} Bxd4 {[%clk 0:03:12]} 10. Bxd4 {[%clk 0:03:11]} Nxd4
{[%clk 0:03:13]} 11. Qxd4 {[%clk 0:03:07]} Qb6 {[%clk 0:03:15]} 12. O-O-O
{[%clk 0:03:02]} Qxd4 13. Rxd4 Ke7 14. Be2 {[%clk 0:02:55]} Nb8 {[%clk 0:03:15]}
15. Bf3 {[%clk 0:02:52]} Nc6 {[%clk 0:03:14]} 16. Rd2 {[%clk 0:02:53]} Bd7
{[%clk 0:03:11]} 17. Ne2 {[%clk 0:02:18]} g5 {[%clk 0:02:58]} 18. g3
{[%clk 0:01:37]} gxf4 {[%clk 0:02:41]} 19. gxf4 {[%clk 0:01:38]} Rhg8
{[%clk 0:02:41]} 20. Ng3 {[%clk 0:01:11]} f6 {[%clk 0:02:04]} 21. exf6+
{[%clk 0:01:13]} Kxf6 {[%clk 0:02:05]} 22. Re1 {[%clk 0:01:13]} Ne7
{[%clk 0:01:26]} 23. Kb1 {[%clk 0:00:47]} Raf8 {[%clk 0:01:24]} 24. c4
{[%clk 0:00:42]} Bc6 {[%clk 0:01:07]} 25. Rde2 {[%clk 0:00:38]} Bd7
{[%clk 0:01:02]} 26. Nh5+ {[%clk 0:00:31]} Kg6 {[%clk 0:01:00]} 27. cxd5
{[%clk 0:00:27]} Nxd5 {[%clk 0:00:58]} 28. Bxd5 {[%clk 0:00:08]} exd5
{[%clk 0:00:58]} 29. Ng3 {[%clk 0:00:10]} Rxf4 {[%clk 0:00:55]} 30. Re7
{[%clk 0:00:11]} Rf7 {[%clk 0:00:46]} 31. R7e5 {[%clk 0:00:12]} Bc6
{[%clk 0:00:42]} 32. Rg1 {[%clk 0:00:08]} Kg7 {[%clk 0:00:34]} 33. Nf5+
{[%clk 0:00:04]} Kf6 {[%clk 0:00:33]} 34. Rxg8 {[%clk 0:00:05]} Kxe5
{[%clk 0:00:33]} 35. Ng3 {[%clk 0:00:05]} Rf2 {[%clk 0:00:32]} 36. h4
{[%clk 0:00:05]} d4 {[%clk 0:00:31]} 37. Kc1 {[%clk 0:00:06]} Rg2
{[%clk 0:00:32]} 38. Rg5+ {[%clk 0:00:07]} Kf4 {[%clk 0:00:29]} 39. Nh5+
{[%clk 0:00:08]} Ke3 {[%clk 0:00:30]} 40. Re5+ {[%clk 0:00:06]} Be4
{[%clk 0:00:25]} 41. b3 {[%clk 0:00:07]} d3 {[%clk 0:00:24]} 0-1

[Event "Team Championship (men blitz)"]
[Site "Sochi"]
[Date "2017.10.05"]
[Round "4.17"]
[White "Sarana, Alexey"]
[Black "Kryakvin, Dmitry"]
[Result "0-1"]
[LiveChessVersion "1.4.8"]
[BlackElo "2483"]
[WhiteElo "2574"]

1. d4 {[%clk 0:03:04]} Nf6 {[%clk 0:03:03]} 2. Bg5 {[%clk 0:03:05]} d5
{[%clk 0:02:55]} 3. Nd2 {[%clk 0:03:05]} c5 {[%clk 0:02:55]} 4. dxc5
{[%clk 0:03:06]} Nbd7 {[%clk 0:02:52]} 5. b4 {[%clk 0:02:58]} a5 {[%clk 0:02:53]}
6. c3 {[%clk 0:02:59]} g6 {[%clk 0:02:53]} 7. Ngf3 {[%clk 0:02:52]} Bg7
{[%clk 0:02:55]} 8. Qa4 {[%clk 0:02:45]} O-O {[%clk 0:02:51]} 9. e3
{[%clk 0:02:46]} Ne4 {[%clk 0:02:32]} 10. Nxe4 {[%clk 0:02:43]} dxe4
{[%clk 0:02:33]} 11. Nd4 {[%clk 0:02:45]} Ne5 {[%clk 0:02:33]} 12. Bb5
{[%clk 0:02:40]} Bd7 {[%clk 0:02:16]} 13. Bxd7 {[%clk 0:02:32]} axb4
{[%clk 0:02:17]} 14. Qxb4 {[%clk 0:02:30]} Nd3+ {[%clk 0:02:18]} 15. Ke2
{[%clk 0:02:25]} Nxb4 0-1

[Event "Team Championship (men blitz)"]
[Site "Sochi"]
[Date "2017.10.05"]
[Round "4.18"]
[White "Smagin, Sergey"]
[Black "Demidov, Mikhail"]
[Result "1-0"]
[LiveChessVersion "1.4.8"]
[BlackElo "2555"]
[WhiteElo "2375"]

1. e4 {[%clk 0:03:03]} e6 {[%clk 0:03:03]} 2. d4 {[%clk 0:03:03]} d5
{[%clk 0:03:04]} 3. Nd2 {[%clk 0:03:04]} Be7 {[%clk 0:03:05]} 4. Ngf3
{[%clk 0:03:04]} Nf6 {[%clk 0:03:00]} 5. e5 {[%clk 0:03:06]} Nfd7
{[%clk 0:03:01]} 6. Be2 {[%clk 0:03:07]} c5 {[%clk 0:03:02]} 7. c3
{[%clk 0:03:08]} b6 {[%clk 0:03:03]} 8. Nf1 {[%clk 0:03:08]} Ba6 {[%clk 0:03:00]}
9. Bxa6 {[%clk 0:03:02]} Nxa6 {[%clk 0:03:00]} 10. Ng3 {[%clk 0:03:03]} b5
{[%clk 0:03:00]} 11. Nh5 {[%clk 0:03:01]} g6 {[%clk 0:02:54]} 12. Nf4
{[%clk 0:03:02]} b4 {[%clk 0:02:53]} 13. c4 {[%clk 0:02:42]} dxc4
{[%clk 0:02:45]} 14. d5 {[%clk 0:02:44]} exd5 {[%clk 0:02:42]} 15. Qxd5
{[%clk 0:02:45]} Nb6 {[%clk 0:02:39]} 16. Qe4 {[%clk 0:02:40]} O-O
{[%clk 0:02:18]} 17. h4 {[%clk 0:02:13]} f5 {[%clk 0:01:54]} 18. Qe2
{[%clk 0:02:08]} Nc7 {[%clk 0:01:44]} 19. Be3 {[%clk 0:02:04]} Qd7
{[%clk 0:01:38]} 20. Rd1 {[%clk 0:02:00]} Qb5 {[%clk 0:01:38]} 21. O-O
{[%clk 0:01:25]} c3 {[%clk 0:01:26]} 22. bxc3 {[%clk 0:01:25]} Qxe2
{[%clk 0:01:26]} 23. Nxe2 {[%clk 0:01:26]} Rfd8 {[%clk 0:01:20]} 24. cxb4
{[%clk 0:01:23]} cxb4 {[%clk 0:01:20]} 25. Ned4 {[%clk 0:01:15]} Bc5
{[%clk 0:01:05]} 26. Nxf5 {[%clk 0:01:16]} Bxe3 {[%clk 0:00:59]} 27. Nxe3
{[%clk 0:01:17]} Ncd5 {[%clk 0:01:01]} 28. Nxd5 {[%clk 0:01:10]} Nxd5
{[%clk 0:01:02]} 29. Rd4 {[%clk 0:01:11]} Kf7 {[%clk 0:00:27]} 30. Rfd1
{[%clk 0:01:11]} Ke6 {[%clk 0:00:29]} 31. Ng5+ {[%clk 0:01:12]} Kxe5
{[%clk 0:00:30]} 32. Nf7+ {[%clk 0:01:13]} Ke6 {[%clk 0:00:30]} 33. Nxd8+
{[%clk 0:01:13]} Rxd8 {[%clk 0:00:31]} 34. Rxb4 {[%clk 0:01:13]} Rc8
{[%clk 0:00:21]} 35. Re4+ {[%clk 0:01:13]} Kf5 {[%clk 0:00:22]} 36. Ra4
{[%clk 0:01:12]} Nc3 {[%clk 0:00:19]} 37. Ra5+ {[%clk 0:01:13]} Ke4
{[%clk 0:00:17]} 38. Re1+ {[%clk 0:01:14]} Kd3 {[%clk 0:00:18]} 39. Rxa7
{[%clk 0:01:15]} Kd2 {[%clk 0:00:16]} 40. Ree7 {[%clk 0:01:11]} h5
{[%clk 0:00:17]} 41. Kh2 {[%clk 0:01:11]} Rc4 {[%clk 0:00:18]} 42. Rad7+
{[%clk 0:01:11]} Kc2 {[%clk 0:00:19]} 43. g3 {[%clk 0:01:09]} Ra4
{[%clk 0:00:16]} 44. Rc7 {[%clk 0:01:09]} Kb2 {[%clk 0:00:11]} 45. Ra7
{[%clk 0:01:05]} Rd4 {[%clk 0:00:11]} 46. Reb7+ {[%clk 0:01:06]} Kc2
{[%clk 0:00:12]} 47. Rc7 {[%clk 0:01:06]} Rd2 {[%clk 0:00:10]} 48. Kg2
{[%clk 0:01:05]} Rd3 {[%clk 0:00:07]} 49. Ra3 {[%clk 0:01:04]} 1-0

[Event "Team Championship (men blitz)"]
[Site "Sochi"]
[Date "2017.10.05"]
[Round "4.19"]
[White "Lugovskoy, Maxim"]
[Black "Gluhovsky, Mark"]
[Result "1-0"]
[LiveChessVersion "1.4.8"]
[BlackElo "2260"]
[WhiteElo "2512"]

1. d4 {[%clk 0:03:02]} Nf6 {[%clk 0:03:03]} 2. Nc3 {[%clk 0:03:04]} d5
{[%clk 0:02:57]} 3. Bf4 {[%clk 0:03:04]} a6 {[%clk 0:02:37]} 4. e3
{[%clk 0:03:05]} c5 {[%clk 0:02:35]} 5. Nf3 {[%clk 0:03:06]} e6 {[%clk 0:02:33]}
6. Bd3 {[%clk 0:03:07]} Nc6 {[%clk 0:02:31]} 7. O-O {[%clk 0:03:07]} Be7
{[%clk 0:02:28]} 8. dxc5 {[%clk 0:03:08]} Bxc5 {[%clk 0:02:29]} 9. Qe2
{[%clk 0:03:09]} O-O {[%clk 0:02:29]} 10. Rad1 {[%clk 0:03:06]} Qe7
{[%clk 0:02:27]} 11. e4 {[%clk 0:03:07]} d4 {[%clk 0:02:17]} 12. e5
{[%clk 0:03:08]} dxc3 {[%clk 0:02:10]} 13. exf6 {[%clk 0:03:09]} gxf6
{[%clk 0:01:59]} 14. Nh4 {[%clk 0:02:56]} f5 {[%clk 0:01:44]} 15. Qh5
{[%clk 0:02:52]} Qf6 {[%clk 0:01:39]} 16. Bg5 {[%clk 0:02:48]} Qg7
{[%clk 0:01:39]} 17. Bh6 {[%clk 0:02:48]} Qf6 {[%clk 0:01:40]} 18. Bxf8
{[%clk 0:02:42]} Bxf8 {[%clk 0:01:42]} 19. bxc3 {[%clk 0:02:41]} Ne5
{[%clk 0:01:33]} 20. Nf3 {[%clk 0:02:41]} Ng6 {[%clk 0:01:28]} 21. Qg5
{[%clk 0:02:28]} Qxc3 {[%clk 0:01:27]} 22. h4 {[%clk 0:02:13]} Be7
{[%clk 0:01:18]} 23. Qg3 {[%clk 0:02:02]} h5 {[%clk 0:01:06]} 24. Ng5
{[%clk 0:02:03]} b5 {[%clk 0:00:59]} 25. Qf3 {[%clk 0:01:58]} Rb8
{[%clk 0:00:56]} 26. Qxh5 {[%clk 0:01:58]} Qg7 {[%clk 0:00:51]} 27. Be2
{[%clk 0:01:30]} Nxh4 {[%clk 0:00:40]} 28. Qxh4 {[%clk 0:01:31]} Bxg5
{[%clk 0:00:41]} 29. Qg3 {[%clk 0:01:29]} f4 {[%clk 0:00:41]} 30. Qh3
{[%clk 0:01:25]} Bb7 {[%clk 0:00:34]} 31. Bf3 {[%clk 0:01:25]} Bxf3
{[%clk 0:00:33]} 32. Qxf3 {[%clk 0:01:26]} Rc8 {[%clk 0:00:34]} 33. Rd2
{[%clk 0:01:21]} Rc3 {[%clk 0:00:34]} 34. Qa8+ {[%clk 0:01:13]} Kh7
{[%clk 0:00:35]} 35. Rd3 {[%clk 0:01:11]} Rxc2 {[%clk 0:00:19]} 36. Rh3+
{[%clk 0:01:08]} Bh6 {[%clk 0:00:20]} 37. Qe4+ {[%clk 0:01:04]} Qg6
{[%clk 0:00:21]} 38. Qxf4 {[%clk 0:01:03]} Rc4 {[%clk 0:00:19]} 39. Qf3
{[%clk 0:00:51]} Rg4 {[%clk 0:00:15]} 40. Rd1 {[%clk 0:00:46]} Kg7
{[%clk 0:00:16]} 41. Rd7 {[%clk 0:00:17]} Bf4 {[%clk 0:00:16]} 42. g3
{[%clk 0:00:12]} e5 {[%clk 0:00:16]} 43. Qd5 {[%clk 0:00:09]} b4 {[%clk 0:00:08]}
44. Rxf7+ {[%clk 0:00:10]} Qxf7 {[%clk 0:00:09]} 45. Rh7+ {[%clk 0:00:11]} Kxh7
{[%clk 0:00:08]} 46. Qxf7+ {[%clk 0:00:12]} Kh6 {[%clk 0:00:09]} 47. Qf6+
{[%clk 0:00:07]} Rg6 {[%clk 0:00:10]} 48. Qh8+ {[%clk 0:00:08]} Kg5
{[%clk 0:00:09]} 49. gxf4+ {[%clk 0:00:09]} exf4 {[%clk 0:00:10]} 50. Kg2
{[%clk 0:00:06]} Kf5+ {[%clk 0:00:07]} 51. Kf3 {[%clk 0:00:07]} Rf6
{[%clk 0:00:08]} 52. Qb8 {[%clk 0:00:07]} Kg5 {[%clk 0:00:06]} 53. Qe5+
{[%clk 0:00:07]} Kg6 {[%clk 0:00:07]} 54. Qe4+ {[%clk 0:00:07]} Kg5
{[%clk 0:00:06]} 55. Qxb4 {[%clk 0:00:08]} Kg6 {[%clk 0:00:06]} 56. a4
{[%clk 0:00:10]} Kg5 {[%clk 0:00:06]} 57. a5 {[%clk 0:00:11]} Kg6
{[%clk 0:00:07]} 58. Qc5 {[%clk 0:00:12]} Kf7 {[%clk 0:00:08]} 59. Qd5+
{[%clk 0:00:11]} Ke7 {[%clk 0:00:08]} 60. Qb7+ {[%clk 0:00:10]} Kf8
{[%clk 0:00:08]} 61. Ke4 {[%clk 0:00:11]} 1-0

[Event "Team Championship (men blitz)"]
[Site "Sochi"]
[Date "2017.10.05"]
[Round "4.20"]
[White "Barskij, Vladimir"]
[Black "Krylov, Mikhail"]
[Result "1/2-1/2"]
[LiveChessVersion "1.4.8"]
[BlackElo "2494"]
[WhiteElo "2255"]

1. e4 {[%clk 0:03:03]} d5 {[%clk 0:03:03]} 2. exd5 {[%clk 0:03:04]} Nf6
{[%clk 0:03:04]} 3. d4 {[%clk 0:03:05]} Nxd5 {[%clk 0:03:05]} 4. c4
{[%clk 0:03:06]} Nb6 {[%clk 0:03:05]} 5. Nc3 {[%clk 0:03:05]} e5 {[%clk 0:03:06]}
6. dxe5 {[%clk 0:02:45]} Qxd1+ {[%clk 0:03:06]} 7. Nxd1 {[%clk 0:02:46]} Nc6
{[%clk 0:03:01]} 8. Nf3 {[%clk 0:02:40]} Be6 {[%clk 0:02:49]} 9. Ne3
{[%clk 0:02:35]} Bb4+ {[%clk 0:02:40]} 10. Bd2 {[%clk 0:02:35]} Bxd2+
{[%clk 0:02:39]} 11. Kxd2 {[%clk 0:02:28]} O-O-O+ {[%clk 0:02:39]} 12. Kc2
{[%clk 0:02:17]} Nd7 {[%clk 0:02:30]} 13. Be2 {[%clk 0:01:59]} Ndxe5
{[%clk 0:02:28]} 14. Nxe5 {[%clk 0:01:59]} Nxe5 {[%clk 0:02:17]} 15. Rad1
{[%clk 0:01:55]} c6 {[%clk 0:02:09]} 16. Rxd8+ {[%clk 0:01:54]} Rxd8
{[%clk 0:02:10]} 17. Rd1 {[%clk 0:01:55]} Rxd1 {[%clk 0:02:08]} 18. Kxd1
{[%clk 0:01:55]} Kc7 {[%clk 0:01:52]} 19. Kd2 {[%clk 0:01:55]} f6
{[%clk 0:01:51]} 20. Kc3 {[%clk 0:01:56]} a5 {[%clk 0:01:43]} 21. f4
{[%clk 0:01:54]} Nd7 {[%clk 0:01:40]} 22. Bd3 {[%clk 0:01:45]} h6
{[%clk 0:01:23]} 23. Nf5 {[%clk 0:01:46]} Bxf5 {[%clk 0:01:21]} 24. Bxf5
{[%clk 0:01:47]} Nc5 {[%clk 0:01:16]} 25. b3 {[%clk 0:01:46]} Kd6
{[%clk 0:01:17]} 26. a3 {[%clk 0:01:40]} b6 {[%clk 0:01:18]} 27. b4
{[%clk 0:01:40]} axb4+ {[%clk 0:01:19]} 28. axb4 {[%clk 0:01:41]} Nb7
{[%clk 0:01:20]} 29. g3 {[%clk 0:01:24]} Ke5 1/2-1/2

[Event "Team Championship (men blitz)"]
[Site "Sochi"]
[Date "2017.10.05"]
[Round "4.21"]
[White "Rakhmanov, Aleksandr"]
[Black "Tsoi, Dmitry"]
[Result "1/2-1/2"]
[LiveChessVersion "1.4.8"]
[BlackElo "2357"]
[WhiteElo "2600"]

1. c4 {[%clk 0:03:03]} Nf6 {[%clk 0:03:02]} 2. Nc3 {[%clk 0:03:04]} e6
{[%clk 0:03:00]} 3. e4 {[%clk 0:03:03]} d5 {[%clk 0:02:54]} 4. exd5
{[%clk 0:03:04]} exd5 {[%clk 0:02:55]} 5. d4 {[%clk 0:03:05]} Bb4
{[%clk 0:02:55]} 6. Bd3 {[%clk 0:03:06]} O-O {[%clk 0:02:54]} 7. Nge2
{[%clk 0:03:07]} c5 {[%clk 0:02:49]} 8. O-O {[%clk 0:02:59]} cxd4
{[%clk 0:02:42]} 9. Nxd4 {[%clk 0:03:00]} Nc6 {[%clk 0:02:43]} 10. Nxc6
{[%clk 0:02:54]} bxc6 {[%clk 0:02:44]} 11. cxd5 {[%clk 0:02:54]} cxd5
{[%clk 0:02:44]} 12. Bg5 {[%clk 0:02:55]} Be6 {[%clk 0:02:36]} 13. Rc1
{[%clk 0:02:49]} h6 {[%clk 0:02:36]} 14. Bh4 {[%clk 0:02:47]} Be7
{[%clk 0:02:36]} 15. Nb5 {[%clk 0:02:43]} Ne4 {[%clk 0:02:28]} 16. Bxe7
{[%clk 0:02:35]} Qxe7 {[%clk 0:02:28]} 17. f3 {[%clk 0:02:30]} Rfd8
{[%clk 0:02:24]} 18. Nd4 {[%clk 0:02:01]} Qb4 {[%clk 0:02:12]} 19. Bb1
{[%clk 0:01:36]} Nf6 {[%clk 0:01:41]} 20. Rf2 {[%clk 0:01:31]} Qb6
{[%clk 0:01:41]} 21. Qd2 {[%clk 0:00:47]} Rac8 {[%clk 0:01:40]} 22. Rd1
{[%clk 0:00:48]} Rc4 {[%clk 0:01:23]} 23. b3 {[%clk 0:00:36]} Rc7
{[%clk 0:01:24]} 24. Qe3 {[%clk 0:00:34]} Re8 {[%clk 0:01:11]} 25. Re2
{[%clk 0:00:24]} Rce7 {[%clk 0:00:55]} 26. Qf2 {[%clk 0:00:21]} Bd7
{[%clk 0:00:53]} 27. Rxe7 {[%clk 0:00:20]} Rxe7 {[%clk 0:00:54]} 28. Nf5
{[%clk 0:00:12]} Bxf5 {[%clk 0:00:41]} 29. Qxb6 {[%clk 0:00:11]} axb6
{[%clk 0:00:42]} 30. Bxf5 {[%clk 0:00:13]} Re2 {[%clk 0:00:41]} 31. a4
{[%clk 0:00:09]} Rb2 {[%clk 0:00:37]} 32. Rd3 {[%clk 0:00:10]} g6
{[%clk 0:00:37]} 33. Bc8 {[%clk 0:00:11]} Kg7 {[%clk 0:00:36]} 34. Bb7
{[%clk 0:00:10]} h5 {[%clk 0:00:27]} 35. h4 {[%clk 0:00:11]} Kf8 {[%clk 0:00:25]}
36. Kh2 {[%clk 0:00:10]} Ke7 {[%clk 0:00:25]} 37. Bxd5 {[%clk 0:00:06]} Nxd5
{[%clk 0:00:25]} 38. Rxd5 {[%clk 0:00:07]} Rxb3 {[%clk 0:00:26]} 39. Rd4
{[%clk 0:00:08]} 1/2-1/2